000 00873nam a2200241Ia 4500
005 20211020084942.0
008 130821s1980 ck gr dspa
040 _aCo-BoUCM
_bspa
_cDavid Avila (modificó)
_d[Nuevo]
041 _aspa
110 2 _aAcademia Colombiana de Historia
_93835
245 0 0 _aCórdova
_bBiografías del Siglo XIX
260 _aBogotá (Colombia)
_bAcademia Colombiana de Historia
_c1980
300 _a2 volúmenes
490 _aColección de Bolsilibros de la Academia de Historia
_v36-37
600 _aCórdoba, José María
_d1799-1829
_971934
600 _aCórdoba, José María
_d1799-1829
_vBiografías
_971935
650 0 4 _aBiografía
_910108
650 0 4 _aHistoria
_97695
651 _aColombia
_926889
651 _aColombia
_xHistoria
_926897
942 _cLIBRO
_a19
_e1
_mC67
_n0
_2DEWEY
_h923.1861
999 _c15957
_d15957